| 000 | 01140nam2a22002651 4500 | ||
|---|---|---|---|
| 001 | rc\3803722 | ||
| 005 | 20250530052948.0 | ||
| 021 |
_aRU _bРг10798-75 |
||
| 021 |
_aRU _b75-62324 |
||
| 035 | _a(NLR Aleph) 007248717 | ||
| 090 |
_a5181959 _c5181959 |
||
| 100 | _a20120311d1975 |||y0rusy50 ca | ||
| 101 | 0 | _arus | |
| 102 | _aRU | ||
| 105 | _ay z ||||| | ||
| 200 | 1 |
_aПермская, Свердловская области и Удмуртская АССР _fСост. В.З. Петрова |
|
| 210 |
_d1975 _aБ. м. |
||
| 215 | _a102 с. | ||
| 461 | 0 |
_1001rc\2638596 _12001#$vВып. 4 _95206301 _aАничков, В.В. _cМосква _d1931 _fВ. Аничков _nОгиз _p93, [2] с., 1 с. объявл. _tОсновные вопросы партийного руководства на предприятиях _vВып. 4 |
|
| 532 | 1 | 2 | _aПермская, Свердловская области и Удмуртская Автономная Советская Социалистическая Республика |
| 801 | 0 |
_aRU _bNLR _gpsbo |
|
| 801 | 1 |
_aRU _bELAR _2rusmarc |
|
| 852 |
_aNLR _j75-3/2894 |
||
| 942 | _cBOOK | ||
| 980 | _aNB | ||